| 000 | 00332nam a2200133 a 4500 | ||
|---|---|---|---|
| 001 | 4220 | ||
| 003 | CDMR | ||
| 005 | 20130116135253.0 | ||
| 008 | 130130s2010||||||||||||||||||||||||||||d | ||
| 040 |
_aCDMR _bcat _cCPC GIRONA |
||
| 245 | 0 |
_aComplicitats _bJaume Vicens i Vives - Josep Pla |
|
| 260 |
_c2010 _bFundació Josep Pla |
||
| 942 | _cMON | ||
| 999 |
_c4220 _d4220 |
||